| 000 | 00813cam a22002534a 4500 | ||
|---|---|---|---|
| 999 |
_c11729 _d11729 |
||
| 003 | OSt | ||
| 005 | 20230717191753.0 | ||
| 008 | 070117s2007 ii ab b 000 0 eng | ||
| 020 | _a8189640135 | ||
| 040 |
_aDLC _cDLC _dDLC |
||
| 042 | _alcode | ||
| 043 |
_aa-ii--- _au-at--- |
||
| 050 | 0 | 0 |
_aTD194.6 _b.E58826 2007 |
| 245 | 0 | 0 |
_aEnvironmental impact assessment : _bIndo-Australian perspective / _cedited by Behnam Ta'i, Peter Murphy, P.S. Rana. |
| 260 |
_aNew Delhi : _bBookwell, _c2007. |
||
| 300 |
_axxxi, 293 p. : _bill., maps ; _c25 cm. |
||
| 504 | _aIncludes bibliographical references. | ||
| 650 | 0 |
_aEnvironmental impact analysis _zIndia. |
|
| 650 | 0 |
_aEnvironmental impact analysis _zAustralia. |
|
| 700 | 1 | _aTa'i, Behnam. | |
| 700 | 1 |
_aMurphy, Peter, _d1949- |
|
| 700 | 1 | _aRana, P. S. | |
| 942 | _2ddc | ||